| 000 | 00936nam a22001817a 4500 | ||
|---|---|---|---|
| 003 | OSt | ||
| 005 | 20251020171456.0 | ||
| 008 | 251020b |||||||| |||| 00| 0 eng d | ||
| 020 | _a9789978482742 | ||
| 100 | _aSilvia Braun | ||
| 245 | _aLa cabeza de Juan | ||
| 260 |
_aQuito-Ecuador _bVelasquez & Velasquez _c2013 |
||
| 300 |
_a182 _c21 cm |
||
| 500 | _aEsta novela personifica en la cabeza las angustias y preocupaciones que embargan a Juan y a muchos niños y niñas pre-adolescentes durante su vida escolar: la acumulación de tareas escolares; las pruebas y exámenes; la competencia por las notas entre aquellos que buscan destacarse; la lucha entre lo correcto y la solidaridad debida a los compañeros; el desconcierto del corazón cuando cree que ama, al mismo tiempo, a varias personas; las exigencias de maestros y padres, entre otras. | ||
| 650 | _2La cabeza de Juan | ||
| 650 | _2Jugar y aprender | ||
| 942 |
_2ddc _cBK _n0 |
||
| 999 |
_c2012 _d2012 |
||